000 00435nam a2200181 a 4500
001 1768117515667
003 YourLibrary
005 20260112125814.0
008 260111s2004##################000#0#eng##
020 _a9780748616893
082 0 4 _a302.2244
_bHOL
100 1 _aHolme, Randal,
_eauthor.
245 1 0 _aLiteracy :
260 _c2004.
650 0 _aEducation.
942 _cENGLISH
040 _aYourLibrary
_beng
_cYourLibrary
999 _c608261
_d608261